000 00965nam a2200277 i 4500
001 000035321
003 DO-SdBNP
005 20251001080005.0
007 ta
008 111027s2011 dr r 000 0 spa d
020 _a9789945074284
040 _aDO-SdBNP
_bspa
_cBNPHU
_erda
041 _aspa
082 4 _axxx
_bxxx
_222
245 0 0 _aArchivo General de la Nación :
_bBibliohemerografía archivística. Un aporte 1867-2011 /
_ceditor, Luis Alfonso Escolano Giménez.
264 4 _aSanto Domingo :
_bArchivo General de la Nación,
_c©2011.
300 _a219 páginas ;
_c23 cm.
336 _atexto
_btxt
_2rdacontent
337 _asin mediación
_bn
_2rdamedia
338 _avolumen
_bn
_2rdacarrier
490 1 _aArchivo General de la Nación.
_v136
500 _aIncluye referencias bibliográficas y notas al pie de las páginas
590 _aInventariado, 2019/BT
700 1 _aEscolano Giménez, Luis Alfonso,
_eeditor
_4ed.
_940550
942 _2ddc
_cLBS1
999 _c34812
_d34812